Mô hình lan truyền virus cúm gia cầm H1N1 : Luận văn tốt nghiệp Cao học. Chuyên ngành Toán giải tích

Đề tài giới thiệu các khái niệm, các kết quả cơ bản của lí thuyết hệ động lực, nghiên cứu mô hình lan truyền cúm khi có sự miễn nhiễm và vắc xin.

Đã lưu trong:
書目詳細資料
主要作者: Phạm, Đình Huấn
格式: 圖書
語言:Undetermined
出版: Cần Thơ Trường Đại học Cần Thơ 2015
主題:
標簽: 添加標簽
沒有標簽, 成為第一個標記此記錄!
Thư viện lưu trữ: Trung tâm Học liệu Trường Đại học Cần Thơ
LEADER 00986nam a2200205Ia 4500
001 CTU_203610
008 210402s9999 xx 000 0 und d
082 |a 515 
082 |b H502 
100 |a Phạm, Đình Huấn 
245 0 |a Mô hình lan truyền virus cúm gia cầm H1N1 : 
245 0 |b Luận văn tốt nghiệp Cao học. Chuyên ngành Toán giải tích 
245 0 |c Phạm Đình Huấn ; Nguyễn Hữu Khánh (Cán bộ hướng dẫn) 
260 |a Cần Thơ 
260 |b Trường Đại học Cần Thơ 
260 |c 2015 
520 |a Đề tài giới thiệu các khái niệm, các kết quả cơ bản của lí thuyết hệ động lực, nghiên cứu mô hình lan truyền cúm khi có sự miễn nhiễm và vắc xin. 
650 |a Mathematical analysis,Toán giải tích 
904 |i Hải 
980 |a Trung tâm Học liệu Trường Đại học Cần Thơ